| 000 | 01163nam0a22003011 4500 | ||
|---|---|---|---|
| 001 | RU\INFOCOMM_322\NLR\5000228066 | ||
| 005 | 20250613112202.0 | ||
| 035 | _a(NLR Aleph) 009605980 | ||
| 090 |
_a9341092 _c9341092 |
||
| 100 | _a20130313d1985 |||y0rusy50 ca | ||
| 101 | 0 | _afre | |
| 102 | _aRU | ||
| 105 | _ay z ||||| | ||
| 200 | 1 |
_aLa coopération économique - instrument de la paix _fA. Ognev |
|
| 210 |
_aM. _cNaouka _d1985 |
||
| 215 |
_a71 с. _d21 см |
||
| 225 | 1 |
_aLa Paix internationale et le désarmement _fConseil sei. d'étude des problèmes de la paix et du désarmement _vLivr. 26 |
|
| 300 | _aВ вып. дан.: Экономическое сотрудничество - инструмент мира / Огнев Александр Петрович | ||
| 320 | _aБиблиогр. в примеч.: с. 69-71 | ||
| 607 |
_aСССР _xЭкономические взаимоотношения _2nlr_sh1 |
||
| 620 | _aМосква | ||
| 686 |
_aУ9(2)89 _2rubbk |
||
| 700 | 1 |
_aOgnev _bA. P. _gAleksandr Petrovič |
|
| 801 | 1 |
_aRU _bInfocomm _c20130313 |
|
| 801 | 0 |
_aRU _bINFOCOMM _gPSBO |
|
| 852 |
_aNLR _jЭк31 Д-4/152 |
||
| 942 | _cBOOK | ||
| 980 | _aNB | ||